[Event "7th Grand Slam Masters"]
[Site "Bilbao ESP"]
[Date "2014.09.14"]
[Round "1"]
[White "Anand, V."]
[Black "Ponomariov, R."]
[Result "1-0"]
[WhiteElo "2785"]
[BlackElo "2717"]
[Annotator "Ramirez Alvarez,Alejandro"]
[PlyCount "121"]
[EventDate "2014.09.12"]

1. d4 d6 2. Nf3 g6 3. c4 Bg7 4. Nc3 Nf6 5. e4 O-O 6. h3 e5 7. d5 a5 8. Be3 Na6
9. g4 Nc5 10. Nd2 {This set-up against the King's Indian defense becomes more
and more popular. White is simply flighting against the liberating f5 pawn
break, hoping to stop it in its tracks by either taking twice on f5 or placing
a pawn on g5 to take on f6 en passant. Either way the ideas are uncomfortable
for Black who now has the find a new route of counterplay.} c6 11. Be2 Bd7 12.
g5 Ne8 13. h4 {Although this position has been reached many times before, it
hasn't been in any particularly top level game.} f6 14. Nb3 b6 15. Nxc5 bxc5 {
Black would love to maneuver his knight to d4, after which his position might
be perfectly good, but that isn't happening any time soon. Something already
clearly went wrong: White has an advantage of space basically everywehre and
nothing to really worry about.} 16. Qd2 (16. h5 $5 {Was more direct and also
possible, but there is no reason to hurry with this.}) 16... fxg5 17. hxg5 cxd5
$2 18. Nxd5 $2 {It's a little strange to try to figure out what they both
missed.} (18. Qxd5+ $1 $18 Rf7 (18... Kh8 19. O-O-O {and the obvious sacrifice
on h7 is going to be nearly lethal. Also Bxc5 is a threat.}) 19. Rxh7 Nc7 20.
Rxg7+ Kxg7 21. Qxd6 $18) 18... Rf7 19. O-O-O Rb8 20. Rh2 Be6 21. Nc3 Qb6 22.
Nb5 Bf8 23. a4 Qb7 24. Qc2 Be7 25. Kb1 Qc6 26. Bd2 {Black's position is still
unpleasant to play. He has a few weaknesses to take care of, but now was the
time to get active. That knight on e8 must join the fray.} Bd8 (26... Bd7 $1
27. Bxa5 (27. Rg1 Ng7 $1 {And suddenly black grabs the intiative as that
knight heads to d4.}) 27... Bxg5 $13) 27. Qd3 Rbb7 28. Rf1 Rf8 29. f4 {White
has been given plenty of time, and now he finds the chance to strike with f4
and open some dangerous lines.} exf4 30. Rxf4 Rxf4 31. Bxf4 Rf7 32. Bd2 Be7 33.
Rg2 Qb6 34. Bg4 $1 {Eliminating the light-squared defender.} Bxg4 35. Rxg4 Nc7
36. Rf4 Ne6 37. Rxf7 Kxf7 38. Qd5 {It's too late, Black doesn't even have
control over d4 anymore} Qd8 39. Ka2 $1 {Black is nearly zugzwanged.} Bf8 40.
Bf4 Qd7 41. b3 Be7 42. Nxd6+ Kf8 43. e5 $1 Nxg5 $6 (43... Nxf4 44. Qf7#) (43...
Bxd6 44. Bg3 {is a clever trick, Black loses the bishop on d6 anyways.} (44.
exd6 $4 Nxf4)) 44. Qxc5 Qg4 45. Bc1 {The rest is very simple. Black's king is
too weak.} h5 46. Qxa5 Qg2+ 47. Bb2 h4 48. Qb5 Qa8 49. c5 h3 50. c6 Bd8 (50...
h2 51. Qb7 $18) 51. Qd5 Bc7 52. Bc1 Qa5 53. Nb5 Qe1 54. Ba3+ (54. Bxg5 $18)
54... Kg7 55. Nxc7 h2 56. Ne8+ Kh6 57. Nf6 Qe2+ 58. Bb2 Ne4 59. Qxe4 Qxe4 60.
Nxe4 h1=Q 61. c7 {Black cannot prevent the pawn from queening.} 1-0

[Event "7th Grand Slam Masters"]
[Site "Bilbao ESP"]
[Date "2014.09.15"]
[Round "2.1"]
[White "Vallejo Pons, Francisco"]
[Black "Anand, Viswanathan"]
[Result "0-1"]
[WhiteElo "2712"]
[BlackElo "2785"]
[PlyCount "70"]
[EventDate "2014.09.14"]

1. d4 Nf6 2. c4 e6 3. Nf3 d5 4. Nc3 Bb4 5. cxd5 exd5 6. Bg5 h6 7. Bh4 c5 {The
ever-popular Ragozin system has had players flock to it as a way of finishing
off a solid Nimzo-Indian based repertoire against 1.d4.} 8. dxc5 Nbd7 9. e3 Qa5
10. Rc1 (10. Nd2 Bxc3 11. bxc3 Qxc5 12. Rc1 O-O 13. Be2 Qa3 {led to a draw in
the recent Topalov-Carlsen from the Norway Supertournament, 2014.}) 10... Ne4
11. Be2 {I assume this is a new idea from the Spaniard, but it isn't exactly
clear what he was planning to do...} (11. Qxd5 Nxc3 12. bxc3 Bxc3+ 13. Kd1 O-O
14. Bc4 {has been seen before, with mixed results.}) 11... O-O (11... Nxc3 12.
bxc3 Bxc3+ 13. Kf1 Nxc5 14. Qxd5 Be6 15. Qd6 g5 {now is the critical moment.
White has several choices, all of which seem to be very complicated. Nxg5 and
Nd4 are possibilities, time and hopefully practice will tell.}) 12. O-O Bxc3
13. bxc3 Nxc3 14. Qd2 (14. Rxc3 Qxc3 15. Qxd5 Qxc5 16. Qxc5 Nxc5 17. Be7 b6 $11
) 14... Nxe2+ 15. Qxe2 b6 16. c6 {If White wants to fight for anything he must
sacrifice the exchange.} (16. Rfd1 Ba6 17. Qd2 Qxd2 18. Rxd2 Nxc5 19. Rxd5 Rfc8
{is an equality that only benefits black.}) 16... Ba6 17. Qd1 Nc5 18. Qxd5 Bxf1
19. Kxf1 {Black has the exchange while White has a passed pawn on c6, which is
also extra. The battle will rage on to determine whether this pawn is weak or
strong. I have the feeling White has enough to hold the balance, but it is
easier to play with Black.} Rac8 20. Nd4 Qd2 21. Qc4 Rfe8 22. Qc2 Qxc2 23. Rxc2
Re5 (23... g5 24. Bg3 Ne4 $15) 24. Bg3 Rd5 25. c7 Rd7 26. Nb5 $2 {Just leaving
the position in status quo while protecting the bishop on g3 was sufficient to
equalize, at least.} (26. f3 Rcxc7 27. Bxc7 Rxc7 $11) 26... a6 27. Nd4 Ne4 {
now that c7 drops, White has to suffer.} 28. Rc6 Nxg3+ 29. hxg3 Rdxc7 30. Rxb6
Rc1+ 31. Ke2 Ra8 $1 {if the a-pawns are swapped it is difficult to make
progress. The endgame would be holdable for White, though after a long amount
of suffering. Anand chooses to retain the a-pawns for practical chances.} 32.
Rb4 a5 33. Ra4 Rb1 34. Nb3 $4 (34. Kf3 Rb4 35. Ra3 a4 {is not pretty, but held
on still.}) 34... Rb2+ 35. Kf3 Ra6 {Amazingly White cannot stop Rf6+. He
cannot survive without the a pawn or the f pawn, so he resigned. Vallejo
collapsed too quickly in time pressure.} 0-1

[Event "7th Grand Slam Masters"]
[Site "Bilbao ESP"]
[Date "2014.09.16"]
[Round "3"]
[White "Ponomariov, R."]
[Black "Vallejo Pons, F."]
[Result "1-0"]
[WhiteElo "2717"]
[BlackElo "2712"]
[PlyCount "65"]
[EventDate "2014.09.12"]

1. e4 c5 2. Nf3 d6 3. d4 cxd4 4. Nxd4 Nf6 5. Nc3 a6 6. h3 e6 7. g4 Be7 8. Bg2
Nfd7 9. Nce2 $5 {Some new idea by the Ukrainian player, but it seems as if the
move is more designed to take Vallejo out of preparation than anything else.} (
9. Be3 {is by far the most common continuation.}) 9... Nc6 10. c3 h5 $6 {
Unfortunately for Vallejo Pons this counter-strike is just not strong enough.
Ponomariov punishes it convincingly.} 11. gxh5 Rxh5 $6 (11... Qa5 $1 {causes
White to stop his attack for now to defend the h5 pawn. I would prefer the
first player in that case, but the game is still double-edged.}) 12. Nxc6 bxc6
13. Nd4 $1 {very strong! the c6 pawn is under attack, and so is the rook on h5.
This makes Black's position very awkward.} Rc5 14. b4 $1 {Ponomariov keeps up
the onslaught.} Rxc3 $6 (14... Rc4 {was the only hope.}) 15. Bb2 Rc4 16. Nxe6
$1 {An aesthetically pleasing but easy to calculate combination.} Qb6 (16...
fxe6 17. Qh5+ Kf8 18. Qh8+ Kf7 19. Qxg7+ Ke8 20. Qg6+ Kf8 21. Bg7+ Kg8 22. Bh6+
Kh8 23. Qg7#) 17. Nxg7+ Kf8 18. O-O {Black's king is toto weak and he doesn't
even have material to show for it.} Ne5 19. Nh5 $1 Qxb4 20. Rb1 Qc5 21. Kh1 Ng6
22. Nf6 Rb8 23. Qd2 {winning, but missing a pretty combination.} (23. Bc1 $1 {
Would have been a beautiful way to finish the game.} Bxf6 (23... Rxb1 24. Bh6#)
(23... Rxc1 24. Nd7+ $1 Bxd7 25. Rxb8+ Kg7 26. Qxc1 $18 {Two exchanges is
plenty to win with.}) 24. Rxb8 $18) 23... Bxf6 24. Bxf6 Rb5 25. Rbd1 d5 26.
Qh6+ Ke8 27. exd5 cxd5 28. Rfe1+ Kd7 {White is winning however he wants. A
nice demolition by Ponomariov.} 29. Qg7 Qf8 30. Bxd5 Rxd5 31. Rxd5+ Kc7 32.
Be5+ Kc6 33. Qxf8 1-0

[Event "7th Grand Slam Masters"]
[Site "Bilbao ESP"]
[Date "2014.09.20"]
[Round "6"]
[White "Aronian, L."]
[Black "Anand, V."]
[Result "1-0"]
[WhiteElo "2804"]
[BlackElo "2785"]
[PlyCount "91"]
[EventDate "2014.09.12"]

1. d4 Nf6 2. c4 e6 3. Nf3 d5 4. Nc3 Bb4 {Anand keeps going back to his Ragozin
in this tournament. With such good results, it's not a mystery that he does.}
5. Bg5 h6 6. Bxf6 Qxf6 7. e3 O-O 8. Rc1 dxc4 9. Bxc4 c5 10. O-O cxd4 11. Ne4
Qe7 12. Nxd4 Bd7 13. Qh5 Nc6 14. Nb3 f5 15. a3 fxe4 $6 {The first novelty of
the game, and probably not a good one. Anand must not have been familiar with
my own game!} (15... Ne5 $1 16. Be2 (16. axb4 Nxc4 17. Rxc4 Bb5 18. Ned2 Bxc4
19. Nxc4 Qxb4 20. Ncd2 a5 $17 {is somewhat awkward for White as his knights
don't coordinate well.}) 16... Be8 17. Qh3 Bc6 $11 {was close to equal in
Ramirez Alvarez-Cornette, Capelle la Grande 2012}) 16. axb4 Nxb4 17. Nc5 Nd3
18. Nxd3 exd3 19. Bxd3 {Black is still close to equal, but White's pressure is
annoying. Black's king will always have to be careful of a queen transfer to
e4 and h7 while the e6 pawn can be attacked.} Bc6 20. Rc4 Rf6 21. Be4 $6 (21.
Qe5 $1 $14 {I don't like the idea of trading bishops when Black's king is
somewhat exposed.}) 21... Bxe4 $11 22. Rxe4 Rd8 23. Qe2 Rf5 24. h3 Rfd5 25. Qg4
R8d6 26. Rc1 Kh7 $6 {a little careless.} (26... Qd7 $1 {Trying to trade rooks
as soon as possible is safer.}) 27. Ra4 $1 a6 28. Qe4+ Kg8 29. Rc8+ $1 Rd8 30.
Rac4 {White's maneuver gets him a good amount of pressure as Black cannot
immediately simplify his problems.} R5d7 (30... Rd1+ $1 {In some lines having
the Qd6+ resource will be useful.}) 31. g3 Kf7 32. Qf3+ Kg8 33. Qe4 Kf7 34. Qg4
Rxc8 35. Rxc8 Qg5 36. Qb4 Kg6 37. h4 (37. Rf8 $1) 37... Qf5 $2 (37... Rd1+ $1
38. Kh2 Qd5 39. Qg4+ Kh7 40. e4 Qd4 {is enough to hold the balance.}) 38. Rf8
Qd5 39. Qg4+ Kh7 40. Kh2 $1 {A nice move that reinforces Black's bad position.
White simply avoids the trade of queens on d1 and now threatens h5.} h5 41. Qf4
Qc6 42. Qb8 {In major piece endgames a useful rule of thumb is that king
safety is the most important feature of the position, many times above
material. In this case, material is still equal but Black's king is going for
a deadly walk.} Rd1 43. e4 Rc1 (43... Qxe4 44. Rh8+ Kg6 45. Qe8+ Kf6 46. Rf8+
Ke5 47. Qxh5+ Kd4 48. Qxd1+) 44. Rh8+ Kg6 45. Qf4 Rc5 46. e5 1-0